ROLE OF DIETARY FIBERS AND NUTRACEUTICALS IN PREVENTING DISEASES (Record no. 34498)

MARC details
000 -LEADER
fixed length control field 00329nam a22001337a 4500
003 - CONTROL NUMBER IDENTIFIER
control field SGT
020 ## - INTERNATIONAL STANDARD BOOK NUMBER
International Standard Book Number 9788188449725
082 ## - DEWEY DECIMAL CLASSIFICATION NUMBER
Classification number 613.2
Item number AUG
100 ## - MAIN ENTRY--PERSONAL NAME
Personal name AUGUSTI K.T
245 ## - TITLE STATEMENT
Title ROLE OF DIETARY FIBERS AND NUTRACEUTICALS IN PREVENTING DISEASES
260 ## - PUBLICATION, DISTRIBUTION, ETC. (IMPRINT)
Place of publication, distribution, etc INDIA
Name of publisher, distributor, etc PHARMA MED PUB
Year of Publication 2009
300 ## - PAGE DESCRIPTION
No. of Pages 525
942 ## - ADDED ENTRY ELEMENTS (KOHA)
Source of classification or shelving scheme Dewey Decimal Classification
Koha item type Books
Holdings
Withdrawn status Lost status Source of classification or shelving scheme Damaged status Not for loan Collection code Home library Current library Shelving location Date acquired Vendor Name SGTU Bill Number Total Checkouts Full call number Accession No. (Barcode) Date last seen Bill Date Koha item type
    Dewey Decimal Classification   Not For Loan SCIENCE SGT Science & Social Sciences Library SGT Science & Social Sciences Library Reference Book 26/03/2026 ABC SGTU 22597   613.2 AUG DP2039 26/03/2026 09/03/2026 Books